বাল্মীকি-রামায়ণ / (Record no. 84987)
[ view plain ]
| 000 -LEADER | |
|---|---|
| fixed length control field | 00809nam a2200217 a 4500 |
| 001 - CONTROL NUMBER | |
| control field | 84987 |
| 003 - CONTROL NUMBER IDENTIFIER | |
| rucl marc code | BD-RjUL |
| 005 - DATE AND TIME OF LATEST TRANSACTION | |
| control field | 20250528151219.0 |
| 008 - FIXED-LENGTH DATA ELEMENTS--GENERAL INFORMATION | |
| fixed length control field | 250528s ii ||||| |||| 00| 0 ben d |
| 035 ## - SYSTEM CONTROL NUMBER | |
| System control number | (BD-RjUL)84987 |
| 040 ## - CATALOGING SOURCE | |
| Original cataloging agency | BD-RjUL |
| Language of cataloging | eng |
| Transcribing agency | BD-RjUL |
| 041 ## - LANGUAGE CODE | |
| Language code of text/sound track or separate title | ben |
| 082 ## - DEWEY DECIMAL CLASSIFICATION NUMBER | |
| Edition number | 23 |
| Classification number | 294.5922 |
| Author mark and year | NUB |
| 100 ## - MAIN ENTRY--PERSONAL NAME | |
| Personal name | নিয়োগী, শিশিরকুমার |
| 9 (RLIN) | 15672 |
| 245 ## - TITLE STATEMENT | |
| Title | বাল্মীকি-রামায়ণ / |
| Statement of responsibility, etc. | শিশিরকুমার নিয়োগী |
| 260 ## - PUBLICATION, DISTRIBUTION, ETC. (IMPRINT) | |
| Place of publication, distribution, etc. | [কলিকাতা] : |
| Name of publisher, distributor, etc. | এ. মুখার্জী অ্যাণ্ড কোং, |
| 300 ## - PHYSICAL DESCRIPTION | |
| Pagination | ১০০০ পৃ.; |
| Size | ১৯ সেমি. |
| 600 ## - SUBJECT ADDED ENTRY--PERSONAL NAME | |
| Titles and other words associated with a name | রামায়ণ (বাল্মীকি ) |
| 650 ## - SUBJECT ADDED ENTRY--TOPICAL TERM | |
| Topical term or geographic name as entry element | Rāmāyaṇa (Vālmīki) |
| 9 (RLIN) | 15674 |
| 942 ## - ADDED ENTRY ELEMENTS (KOHA) | |
| Source of classification or shelving scheme | Dewey Decimal Classification |
| Koha item type | Books |
| Lost status | Source of classification or shelving scheme | Damaged status | Not for loan | Collection code | Permanent Location | Current Location | Shelving location | Date acquired | Total Checkouts | Full call number | Date last seen | Copy number | Koha item type |
|---|---|---|---|---|---|---|---|---|---|---|---|---|---|
| Dewey Decimal Classification | Not For Loan | Non-fiction | Central Library, University of Rajshahi | Central Library, University of Rajshahi | Reading Room | 28/05/2025 | B 294.5922 NUB | 28/05/2025 | C-1 | Books |